000 00626nam a2200253 a 4500
001 nice12345678
003 IN_TiNIC
005 20260116011431.0
008 050524s1928 pata grp 000 0 eng
020 _a
_c100
082 0 0 _a275.1
_bBUD
100 _aBudge, E A Williams
245 _aMonks of Kublai Khan Emperor of China
260 _aPaternoster
_bReligioud Tract Society
_c1928
300 _a335p
500 _aincludes index and biblioraphy
505 2 _aIndex
650 _aChurch-China
650 _aKublai Khan
700 1 _aBudge, E A Williams
902 _bSRS
942 _cBK
999 _c1492
_d1492